El acoso de las fantasías
Tallennettuna:
| Päätekijä: | |
|---|---|
| Muut tekijät: | |
| Aineistotyyppi: | Kirja |
| Kieli: | espanja |
| Julkaistu: |
Ciudad de México
Siglo XXI
1999
|
| Painos: | 1a. ed |
| Sarja: | Teoría
|
| Aiheet: | |
| Tagit: |
Lisää tagi
Ei tageja, Lisää ensimmäinen tagi!
|
MARC
| LEADER | 00000cam a2200000 a 4500 | ||
|---|---|---|---|
| 001 | UCI2973 | ||
| 003 | CL-VaPUC | ||
| 005 | 20211112095416.0 | ||
| 008 | 071005e19990000MX |||||||||||||||||spa|d | ||
| 999 | |c 327375 |d 327373 | ||
| 020 | |a 9789682321665 | ||
| 040 | |c Pontificia Universidad Católica de Valparaíso | ||
| 082 | 0 | 4 | |a 302.212 |b ZIZ |2 21 |
| 100 | 0 | |a Zizek, Slavoj |e author |9 524247 | |
| 245 | 1 | 3 | |a El acoso de las fantasías |
| 250 | |a 1a. ed | ||
| 260 | |a Ciudad de México |b Siglo XXI |c 1999 | ||
| 300 | |a 261 p | ||
| 490 | 0 | |a Teoría | |
| 583 | |a last modification |c 20171207 04:52:01 |k Rodrigo Vera | ||
| 650 | 0 | |a Psicología social |9 222894 | |
| 650 | 0 | |a Desarrollo cultural |9 267526 | |
| 650 | 0 | |a Globalización |9 361930 | |
| 650 | 0 | |a Medios de comunicación de masas |9 257273 | |
| 650 | 7 | |a PELICULAS CINEMATOGRAFICAS |2 CL-VaPUC |9 524248 | |
| 700 | 1 | |a Braunstein Saal, Clea |e traductora |9 864362 | |
| 942 | |c BK |2 ddc | ||
| 945 | |d 20071005 00:00:00 |a cmena | ||
| 952 | |0 0 |1 0 |4 0 |6 302_212000000000000_ZIZ_1999 |7 0 |8 R |9 410149 |a BIBEDU |b BIBEDU |c MCIRC |d 2019-11-22 |i 4922158 |o 302.212 ZIZ 1999 |p 4922158 |r 2023-01-13 |w 2019-11-22 |y BK_R |k FIL | ||